000 00698nam a2200241Ia 4500
001 975
003 GE_BSU
008 181216s||||||||xx |||||||||||||| ||und||
040 _cGE_BSU
080 _a596(075.8)
100 _aНаумов,С.П.
245 _aЗоология Позвоночных.
245 _bдля студ. пед.ин-тов.по Биологическим специальностям
250 _aИзд.4-е перараб
260 _aМосква
260 _b,,Просвещение
260 _c1982
300 _a463 с.
541 _h12 л.
653 _aЗоология Позвоночных.
653 _aზოოლოგია
942 _cBK
999 _c35133
_d35133